000 01073nam a2200289 i 4500
003 EG-GICUC
005 20260422105115.0
008 260422b1847 fr ||||fr|||| 000 0 eng d
040 _aEG-GiCUC
_bfre
_cEG-GiCUC
_dEG-GiCUC
_eRda
041 0 _afre
082 0 4 _221
_a343
_bDE . C
092 0 4 _221
099 _aLaw1 10 343 DE . C 1847
100 1 _aDE GRATTIER, AD.
_eAuteur
245 1 0 _aCommentaire Lois De La Presse Kt De Tous Les Autres Moyens De Publicité:
_bObservations Préliminaires En Reponse Aux Attaques De M. Chansan. Premier Avocat General A Boven.
_cAd. De Grattier.
264 1 _aParis:
_bLibrairie De Jurisprudence D'alphonse Delhomme,
_c1847.
300 _a96 page :
_billustration ;
_c 24 cm.
336 _2rda contenu
_a texte
337 _2rda medias
_aOrdinateur
338 _2 transporteur rda
_a Ressource en ligne
504 _aComprend des références bibliographiques
650 1 _aDroit pénal
_2qrmak
651 1 _2qrmak
856 4 0 _uhttps://fll.law.cu.edu.eg/fulltext/bks/B10-10849.pdf
905 _a158
942 _2ddc
_n0
_cBK
_e21
999 _c72797
_d72797